Turbulence (Record no. 5373)

000 -LEADER
fixed length control field 00511nam a2200205 i 4500
001 - CONTROL NUMBER
control field 5373
003 - CONTROL NUMBER IDENTIFIER
control field BD-DhUET
008 - FIXED-LENGTH DATA ELEMENTS--GENERAL INFORMATION
fixed length control field 750220s1975 nyua b 001 0 eng
020 ## - INTERNATIONAL STANDARD BOOK NUMBER
International Standard Book Number 0070290377
040 ## - CATALOGING SOURCE
Original cataloging agency DLC
Transcribing agency DLC
Modifying agency BD-DhUET
082 00 - DEWEY DECIMAL CLASSIFICATION NUMBER
Classification number 532.56
Item number HIN/1975
100 1# - MAIN ENTRY--PERSONAL NAME
Personal name Hinze, J. O.
245 00 - TITLE STATEMENT
Title Turbulence
250 ## - EDITION STATEMENT
Edition statement 2nd ed.
260 ## - PUBLICATION, DISTRIBUTION, ETC. (IMPRINT)
Place of publication, distribution, etc. New York
Name of publisher, distributor, etc. McGraw-Hill
Date of publication, distribution, etc. 1975
300 ## - PHYSICAL DESCRIPTION
Extent x,790p.
Other physical details ill.
Dimensions 24 cm.
490 0# - SERIES STATEMENT
Series statement McGraw-Hill series in mechanical engineering
650 #0 - SUBJECT ADDED ENTRY--TOPICAL TERM
Topical term or geographic name as entry element Turbulence
942 ## - ADDED ENTRY ELEMENTS (KOHA)
Koha item type General Book
Holdings
Price effective from Koha issues (times borrowed) Location (home branch) Shelving location Not for loan Damaged status Withdrawn status Koha date last seen Date acquired Lost status Koha item type Koha date last borrowed Source of classification or shelving scheme Copy number Sublocation or collection (holding branch) Koha normalized classification for sorting Koha full call number Piece designation (barcode)
2014-11-26 Central Library, BUETCirculation section   2014-11-262014-11-26 General Book  1Central Library, BUET532_560000000000000_HIN_1975532.56/HIN/197563813
2014-11-26 Central Library, BUETCirculation section   2014-11-262014-11-26 General Book  2Central Library, BUET532_560000000000000_HIN_1975532.56/HIN/197563816
2014-12-07 Central Library, BUETCirculation section   2014-12-072014-12-07 General Book  3Central Library, BUET532_560000000000000_HIN_1975532.56/HIN/197544334
2014-12-07 Central Library, BUETCirculation section   2014-12-072014-12-07 General Book  4Central Library, BUET532_560000000000000_HIN_1975532.56/HIN/197563807
2014-12-071Central Library, BUETCirculation section   2015-03-292014-12-07 General Book2015-03-25 5Central Library, BUET532_560000000000000_HIN_1975532.56/HIN/197563812
2014-12-07 Central Library, BUETCirculation section   2014-12-072014-12-07 General Book  6Central Library, BUET532_560000000000000_HIN_1975532.56/HIN/197563805
2014-12-07 Central Library, BUETCirculation section   2014-12-072014-12-07 General Book  7Central Library, BUET532_560000000000000_HIN_1975532.56/HIN/197563810
2014-12-07 Central Library, BUETCirculation section   2014-12-072014-12-07 General Book  8Central Library, BUET532_560000000000000_HIN_1975532.56/HIN/197563808
2014-12-07 Central Library, BUETCirculation section   2014-12-072014-12-07 General Book  9Central Library, BUET532_560000000000000_HIN_1975532.56/HIN/197563809
2014-12-071Central Library, BUETCirculation section   2023-02-282014-12-07 General Book2022-11-14 10Central Library, BUET532_560000000000000_HIN_1975532.56/HIN/197563806
2014-12-071Central Library, BUETCirculation section   2015-09-142014-12-07 General Book2015-05-26 11Central Library, BUET532_560000000000000_HIN_1975532.56/HIN/197563815
2015-03-09 Central Library, BUETCirculation section   2015-03-092015-03-09 General Book  12Central Library, BUET532_560000000000000_HIN_1975532.56/HIN/197539158
2015-06-07 Central Library, BUETReading section   2015-06-072015-06-07 Reading Item  13Central Library, BUET532_560000000000000_HIN_1975532.56/HIN/197558968
2015-06-07 Central Library, BUETReading section   2015-06-072015-06-07 Reading Item  14Central Library, BUET532_560000000000000_HIN_1975532.56/HIN/197560653
2015-06-23 Central Library, BUETReading section   2015-06-232015-06-23 Reading Item  15Central Library, BUET532_560000000000000_HIN_1975532.56/HIN/197552729
2024-11-161Central Library, BUETCirculation section   2024-11-271985-06-29 General Book2024-11-27 16Central Library, BUET532_560000000000000_HIN_1975532.56 HIN/197563811
2024-11-16 Central Library, BUET    2024-11-162024-11-16 General Book   Central Library, BUET532_560000000000000_HIN_1975532.56 HIN/1975 
2024-11-16 Central Library, BUETCirculation section   2024-11-162025-09-03 General Book  18Central Library, BUET532_560000000000000_HIN_1975532.56 HIN/197539159